000 00618nam a2200181Ia 4500
005 20250508151726.0
008 008 250505s9999 xx 000 0 eng d
037 _aTextual
040 _aFEDL
_beng
_cFEDL
041 _aeng
_2eng
084 _a500.6, CIE
_qFEDL
245 0 _aReport of the seminar on general science held at the Central Institute of Education on 26th and 27th November 1955 and 7th January, 1956
245 0 _cCIE. Extension Sercvice, (Department of ...) (Delhi India)
260 _aDelhi, India
_bCIE
300 _a17p
942 _cTEXL
_h500.6, CIE
999 _c1331721
_d1331721